La disgrafia : (Registro nro. 34762)

Detalles MARC
000 -LEADER
fixed length control field 01206nam a2200289 4500
001 - CONTROL NUMBER
control field 0000013083
003 - CONTROL NUMBER IDENTIFIER
control field CO-CtgCURN
005 - DATE AND TIME OF LATEST TRANSACTION
control field 20250429224010.0
008 - FIXED-LENGTH DATA ELEMENTS--GENERAL INFORMATION
fixed length control field 160627s1993 000 0 eng d
020 ## - INTERNATIONAL STANDARD BOOK NUMBER
International Standard Book Number 8485252993
040 ## - CATALOGING SOURCE
Original cataloging agency CO-CtgCURN
Language of cataloging spa
Transcribing agency coctgcurn
082 0# - DEWEY DECIMAL CLASSIFICATION NUMBER
Classification number 372.634
Item number P742d
100 1# - MAIN ENTRY--PERSONAL NAME
Personal name Portellano Pérez, José Antonio.
245 13 - TITLE STATEMENT
Title La disgrafia :
Remainder of title concepto, diagnostico y tratamiento de los trastornos de escritura /
Statement of responsibility, etc. José Antonio Portellano Pérez.
260 ## - PUBLICATION, DISTRIBUTION, ETC.
Place of publication, distribution, etc. Madrid :
Name of publisher, distributor, etc. Cepe Ciencias de la Educación Preescolar y Especial Cepe,
Date of publication, distribution, etc. 1993.
300 ## - PHYSICAL DESCRIPTION
Extent 169 p.
336 ## - CONTENT TYPE
Source rdacontent
337 ## - MEDIA TYPE
Source rdamedia
Media type term sin mediacion
Media type code n
338 ## - CARRIER TYPE
Source rdacarrier
Carrier type term volumen
Carrier type code nc
490 1# - SERIES STATEMENT
Series statement Colección especial ;
Volume/sequential designation 21
504 ## - BIBLIOGRAPHY, ETC. NOTE
Bibliography, etc. note Bibliografias (p. 171 )
505 8# - FORMATTED CONTENTS NOTE
Formatted contents note Bases neuropsicologicas de la escritura concepto etiología y diagnostico de la disgrafia.--Concepto de la disgrafia.--Etiología de la disgrafia.--La reeducación de la disgrafia.--Reeducación de la disgrafia.--Motricidad
650 #0 - SUBJECT ADDED ENTRY--TOPICAL TERM
Topical term or geographic name entry element Escritura
Form subdivision Enseñanza.
908 ## - PUT COMMAND PARAMETER (RLIN)
Put command parameter 160627
942 ## - ADDED ENTRY ELEMENTS (KOHA)
Koha item type Libros
Classification part 372.634
Item part P742d
Source of classification or shelving scheme Dewey Decimal Classification
999 ## - SYSTEM CONTROL NUMBERS (KOHA)
-- 1
Existencias
Withdrawn status Lost status Source of classification or shelving scheme Damaged status Not for loan Home library Current library Shelving location Date acquired Inventory number Total checkouts Full call number Barcode Date last seen Price effective from Koha item type Public note
    Dewey Decimal Classification     Miguel Henríquez Castañeda Miguel Henríquez Castañeda General 03/04/2019 006844   372.634 P742d 006844 03/04/2019 03/04/2019 Libros 370-EDUCAC